Loreto College Library, Kolkata
WEBOPAC (ONLINE PUBLIC ACCESS CATALOGUE)

Self-efficacy (Record no. 44115)

MARC details
000 -LEADER
fixed length control field 00595nam a22002177a 4500
005 - DATE AND TIME OF LATEST TRANSACTION
control field 20250618113314.0
008 - FIXED-LENGTH DATA ELEMENTS--GENERAL INFORMATION
fixed length control field 250618b |||||||| |||| 00| 0 eng d
020 ## - ISBN | অাই এস বি এন
ISBN | অাই এস বি এন 978-0-7167-2850-4
PRICE Rs.9969.00
040 ## - CATALOGING SOURCE
Original cataloging agency Loreto College
041 ## - LANGUAGE CODE
Language code English
082 ## - DDC | ডিউই
Classification number | বর্গসংখ্যা 155.2
Book Number | গ্রন্থাঙ্ক BAN
100 ## - MAIN ENTRY--PERSONAL NAME | মুখ্য সংলেখ - ব্যাক্তিনাম
Personal name | ব্যাক্তিনাম Bandura,Albert
245 ## - TITLE STATEMENT | অাখ্যা বিবরণী
Title | অাখ্যা Self-efficacy
Sub title | উপঅাখ্যা the excercise of control
Statement of responsibility | লেখকের দায়িত্বের বিবরণ Albert Bandura
260 ## - IMPRINT | প্রকাশনা ক্ষেত্র
Place of publication | প্রকাশ স্থান New York
Name of publisher | প্রকাশকের নাম W.H. freeman and company
Date of publication | প্রকাশ কাল ©1997
300 ## - PHYSICAL DESCRIPTION |
Page / Vol. No | পৃষ্ঠা / খন্ড সংখ্যা 604p.
Other physical details | অনান্য বাহ্যিক বিবরণ 23cm.
504 ## - BIBLIOGRAPHY, ETC. NOTE
Bibliography, etc Includes index
650 ## - SUBJECT ADDED ENTRY--TOPICAL TERM | বিষয় শিরোনাম - মূল বিষয়
Topical term | মূল বিষয় Control-Psychology
650 ## - SUBJECT ADDED ENTRY--TOPICAL TERM | বিষয় শিরোনাম - মূল বিষয়
Topical term | মূল বিষয় Self-efficacy
850 ## - HOLDING INSTITUTION
Holding institution LCLIB
942 ## - ADDED ENTRY ELEMENTS (KOHA)
Koha item type Books
Holdings
Withdrawn status Lost status Source of classification Damaged status Not for loan Home library Current library Date acquired Price Total Checkouts Full call number Accession No. Date last seen Price effective from Koha item type Coded location qualifier
    Dewey Decimal Classification     Loreto College Loreto College 18/06/2025 9969.00   155.2 BAN 54794 48278 18/06/2025 18/06/2025 Books